000 00834nas a2200265 4500
001 BR2010005597
003 BR-BrBNA
005 20231205114821.0
007 ta
008 230509b bl.|||p| |||| 00| 00por d
040 _aBR-BrBNA
_bpor
_cBiblioteca Nacional de Agricultura
041 _a(Pt)
072 _aS40
100 1 _aScotton, V.
100 1 _aKinasz, T.R.
100 1 _aCoelho, S.R.M.
245 1 _aDesperdício de alimentos em unidades de alimentação e nutrição: a contribuição do resto-ingestão e da sobra
650 _aALIMENTO PREPARADO
650 _aEDUCAÇÃO
650 _aDESPERDÍCIO
650 _aPLANEJAMENTO
773 0 _tHigiene Alimentar (Brazil)
_xISSN 0101-9171
_g(Jul-Aug 2010), v. 24(186/187) p. 19-24
_wBR2010005597
909 _a202311
_bLúcia
_c55
_dLúcia Elande
942 _2AGRIS
_n0
_cANA
999 _c210643
_d210643